Expansion of rubber (Hevea brasiliensis) in Mainland Southeast Asia: What are the prospects for small holders? (Record no. 59093)

MARC details
000 -LEADER
fixed length control field 01868nam a2200181Ia 4500
100 ## - MAIN ENTRY--AUTHOR NAME
Personal name Fox Jefferson
245 #0 - TITLE STATEMENT
Title Expansion of rubber (Hevea brasiliensis) in Mainland Southeast Asia: What are the prospects for small holders?
260 ## - PUBLICATION, DISTRIBUTION, ETC. (IMPRINT)
Name of publisher Journal of Peasant Studies
Year of publication 2013
300 ## - PHYSICAL DESCRIPTION
Number of Pages 155-170
520 ## - SUMMARY, ETC.
Summary, etc The rubber tree is native to the humid tropics and has traditionally been cropped in the equatorial zone between 10dN 10dS; in mainland Southeast Asia this includesportions of southern Thailand, southeastern Vietnam, and southern Myanmar. In the early 1950s, the chinese government began to invest in growing rubber in environments perceived to be ecologically marginal and eventually established state rubber plantations in areas that lie as far north as 22d north latitude. Chinas success in growing rubber in these non-traditional environments expanded the habitat in which rubber could be planted and pushed it further north. Today entrepreneurs from china, Vietnam, Malaysia, and Thailand are investing in rubber plantations in areas of Laos, Cambodia, and Myanmar, northwest Vietnam, northeast Thailand, and Yunnan, China. The impact of rubber on smallholders, however, is not yet clear. Experiences in Xishuangbanna, Yunnan, China and northeast Thailand clearly show that smallholder rubber production is a viable and effective preposition in moving households and communities out of poverty. By contrast in countries such as Laos, Cambodia and Myanmar many farmers are struggling to maintain their lands and forests in the face of growing pressures from investors and government institutions to impose concession arrangements.
650 ## - SUBJECT ADDED ENTRY--TOPICAL TERM
Topical Term Agrarian transition
650 ## - SUBJECT ADDED ENTRY--TOPICAL TERM
Topical Term Agroforestry
650 ## - SUBJECT ADDED ENTRY--TOPICAL TERM
Topical Term Rubber
650 ## - SUBJECT ADDED ENTRY--TOPICAL TERM
Topical Term Southeast Asia
700 ## - ADDED ENTRY--PERSONAL NAME
Personal name Castella Jean-Christophe
942 ## - ADDED ENTRY ELEMENTS (KOHA)
Koha item type Journals
Holdings
Withdrawn status Lost status Damaged status Not for loan Home library Current library Shelving location Date acquired Serial Enumeration / chronology Koha item type
      Journals RRII Library RRII Library Economics 13/08/2013 Volume 40, Issue 1 Journals